[Event "EU-ch Rapid"]
[Site "Katowice"]
[Date "2022.12.17"]
[Round "2"]
[White "Ponikowski, Dariusz"]
[Black "Huzman, Alexander"]
[Result "0-1"]
[WhiteElo "2121"]
[BlackElo "2526"]
[PlyCount "70"]
[EventDate "2022.12.17"]
[EventType "swiss (rapid)"]
[EventRounds "11"]
[EventCountry "POL"]
[SourceTitle "CBM 211 Extra"]
[Source "ChessBase"]
[SourceDate "2023.01.31"]
[SourceVersion "1"]
[SourceVersionDate "2023.01.31"]
[SourceQuality "1"]

1. c3 Nf6 2. g3 g6 3. Nf3 Bg7 4. Bg2 0-0 5. d4 d6 6. Nbd2 Nbd7 7. e4 e5 8. dxe5 dxe5 9. 0-0 b6 10. Re1 Qe7 11. Qc2 a5 12. Bf1 Bb7 13. Bc4 Ne8 14. Bd5 c6 15. Bc4 a4 16. Bf1 b5 17. c4 b4 18. b3 a3 19. Bg2 Nc7 20. Nf1 Ne6 21. Be3 c5 22. Rad1 Nd4 23. Bxd4 cxd4 24. N1d2 Nc5 25. Bf1 Bc6 26. Bd3 Qb7 27. Nh4 Rae8 28. Nf1 Bh6 29. Ng2 f5 30. f3 fxe4 31. fxe4 Rf3 32. Nh4 Rxd3 33. Rxd3 Bxe4 34. Rxe4 Qxe4 35. Qg2 Qxg2+ 0-1